02356nam a22003134a 4500003000900000005001700009008004100026040001300067041000800080044000700088082002200095100003500117245010600152260006600258300001100324502008100335520142600416650002701842650002201869650002801891650001701919650001501936650002901951650001401980650000901994650001502003651001302018651001102031BOLpUSFA20260414184558.0 t bo grm 001 | spa|| aBOLpUSFA aspa aBO aICO0016bM357e PG aMarquez Villena, Ibeliz Mariza aEstudio de factibilidad para la creación de una Microempresa de Glamping en el Municipio de Tupiza. aTupiza:bUniversidad Privada San Francisco de Asís, c2025  a212 p. aModalidad: Proyecto de Grado - Tutora: Lic. Mónica Roxana Maldonado Arana aEl proyecto tiene como objetivo realizar el estudio de factibilidad para la creación de una microempresa de Glamping en el municipio de Tupiza, en respuesta a la falta de alternativas de alojamiento acordes con la nueva tendencia de turismo natural. Para el desarrollo del proyecto se aplicaron métodos de investigación y técnicas para recolección de datos a un mercado inicial en el municipio, determinando la demanda del servicio de hospedaje natural, el tamaño y la organización de la mi- croempresa, la localización y distribución de los domos, así como el terreno a utili- zar. Se consideraron además los aspectos legales necesarios para garantizar un funcionamiento óptimo y conforme a la normativa vigente, junto con un estudio fi- nanciero que permitió establecer la inversión, ingresos, gastos y rentabilidad del proyecto. El perfil del cliente potencial corresponde a personas de entre 26 y 40 años que realizan turismo en grupos de amigos o familiares, con una disposición de pago de entre 300 y 400 Bs por noche. En el ámbito contable, la inversión inicial asciende a 207.105 Bs, bajo un escenario realista que presenta un Valor Actual Neto (VAN) de 1.499.800,97 Bs, una Tasa Interna de Retorno (TIR) del 15 % y un Periodo de Recuperación de la Inversión (PRI) estimado en 2 años y 6 meses.  aIngeniería Comercial aProyecto de Grado aEstudio de factibilidad aMicroempresa aEcoturismo aCampamentos turísticos aComodidad aLujo aNaturaleza aPotosí aTupiza